Envasos i embalatges : jornada 3 jornada 3
Publicado:
Barcelona :
Diputació de Barcelona. Àrea de Medi Ambient. Servei de Medi Ambient, [199- ?]
Descripción Física:
29 cm
MARC
| LEADER | 00000nam a2200000Ia 4500 | ||
|---|---|---|---|
| 001 | 23562 | ||
| 003 | BGR | ||
| 005 | 20260324180554.0 | ||
| 008 | 160829s9999 xx 000 0 cat d | ||
| 080 | |a C-3-401 | ||
| 111 | |a Jornades Municipals de Valorització de Residus |9 71319 | ||
| 245 | |a Envasos i embalatges : |b jornada 3 | ||
| 260 | |a Barcelona : |b Diputació de Barcelona. Àrea de Medi Ambient. Servei de Medi Ambient, [199- ?] | ||
| 300 | |a 29 cm | ||
| 650 | |a Reciclatge (Residus, etc.) |x Congressos |9 26076 | ||
| 650 | |a Envasos |x Congressos |9 48967 | ||
| 650 | |a Embalatges |x Congressos |9 48968 | ||
| 710 | 1 | |a Barcelona (Catalunya : Província). |b Servei de Medi Ambient |9 53475 | |
| 901 | |a Arxiu | ||
| 942 | |n 1 |2 udc |c JC | ||
| 952 | |0 0 |1 0 |4 0 |6 C3401 |7 1 |9 55007 |a Arxiu |b Arxiu |d 2012-08-08 |l 0 |o C-3-401 |p 23562 |r 2016-12-01 00:00:00 |w 2016-12-01 |y ARXIU | ||
| 999 | |c 58877 |d 58877 | ||